| 000 | 00630nam a22001937a 4500 | ||
|---|---|---|---|
| 999 |
_c15610 _d15610 |
||
| 003 | AR-CdUCM | ||
| 008 | 190429b ||||| |||| 00| 0 spa d | ||
| 040 |
_aMUNICIPALIDAD PROVINCIAL DEL CUSCO _cBIBLIOTECA MUNICIPAL DEL CUSCO |
||
| 082 |
_a363.34 / _bP23 |
||
| 100 |
_aPancorbo Rivera, Manuel. _934735 |
||
| 245 |
_aPrevención : _bGarantía de vida / |
||
| 260 |
_aPerú : _bFrangraf, E.I.R.L., _c2010. |
||
| 300 |
_a329 páginas ; _c21 cm. |
||
| 505 | _aContenido :Prevención, garantía de vida ... | ||
| 650 |
_aPrevención. _99797 |
||
| 650 |
_aVías y accesos. _934736 |
||
| 942 |
_2ddc _cLIBROS |
||
| 945 |
_arum1 _d2019-04-29 |
||